000 00411 a2200145 4500
001 165740
020 _a
040 _cMagnum
100 _aCarvalho, Maria Cecilia Maringoni de Et Al.
240 1 0 _aConstruindo o saber: metodologia cientifica-fundamentos e tecnicas
_lpor
245 1 0 _aConstruindo o saber: metodologia cientifica-fundamentos e tecnicas
362 0 _a1899
697 _aENSINO
942 _cBK
999 _c165740
_d165740